| 000 | 01226cam a22002894a 4500 | ||
|---|---|---|---|
| 999 |
_c332193 _d332193 |
||
| 001 | 13392630 | ||
| 003 | NUST | ||
| 005 | 20171117110559.0 | ||
| 008 | 031103s2004 enkab b 001 0 eng | ||
| 010 | _a 2003023959 | ||
| 020 | _a1844070204 (alk. paper) | ||
| 020 | _a1844070190 (pbk. : alk. paper) | ||
| 040 |
_aDLC _cDLC _dDLC |
||
| 042 | _apcc | ||
| 043 | _ad------ | ||
| 050 | 0 | 0 |
_aTD627 _b.M37 2004 |
| 082 | 0 | 0 |
_a628.309172 MAR _222 |
| 100 | 1 |
_aMara, D. Duncan _q(David Duncan), _d1944- _96025 |
|
| 245 | 1 | 0 |
_aDomestic wastewater treatment in developing countries / _cDuncan Mara. |
| 260 |
_aLondon ; _aSterling, VA : _bEarthscan Publications, _c2004. |
||
| 300 |
_axvi, 293 p. : _bill., map ; _c25 cm. |
||
| 500 | _aP.B | ||
| 504 | _aIncludes bibliographical references (p. [262]-288) and index. | ||
| 650 | 0 |
_aSewage disposal _zDeveloping countries. _96491 |
|
| 650 | 0 |
_aSewage _xPurification _zDeveloping countries. _96492 |
|
| 856 | 4 | 1 |
_3Table of contents _uhttp://www.loc.gov/catdir/toc/ecip0410/2003023959.html |
| 906 |
_a7 _bcbc _corignew _d1 _eecip _f20 _gy-gencatlg |
||
| 942 |
_2ddc _cBK _kIESE |
||